Identify the Bond film from the Bond Girl #4 - Statistics

General Stats
  • This quiz has been taken 39 times
  • The average score is 9 of 15
Answer Stats
Hint Film % Correct
Tilly Masterton Goldfinger
97%
Kissy Suzuki You Only Live Twice
97%
Bambi & Thumper Diamonds Are Forever
93%
Sylvia Trench Dr No & From Russia With Love
93%
Madeleine Swann Spectre & No Time To Die
87%
Dominique Derval Thunderball
87%
Chew Mee The Man With The Golden Gun
63%
Dr Molly Warmflash The World Is Not Enough
57%
Peaceful Fountains of Desire Die Another Day
43%
Professor Inga Bergstrom Tomorrow Never Dies
43%
Naomi The Spy Who Loved Me
37%
Kimberley Jones A View To A Kill
30%
Nancy On Her Majesty’s Secret Service
30%
Linda The Living Daylights
23%
Bianca Octopussy
20%
No matching quizzes found
Score Distribution
Percent of People with Each Score
Percentile by Number Answered
Your Score History
You have not taken this quiz